| 000 | 00657nam a2200205 a 4500 | ||
|---|---|---|---|
| 001 | 000015599 | ||
| 005 | 20240412074244.0 | ||
| 008 | 100215s2004 dr a 000 j spa d | ||
| 020 | _a9993423823 | ||
| 040 |
_aDO-SdBNP _bspa _cBNPHU |
||
| 082 |
_aRD863.44 _bP438m |
||
| 100 | 1 |
_aPèrez Mèndez, Artagnan, _d1929-2017 _977104 |
|
| 245 | 1 | 0 |
_aMás allá de lo posible / _cArtagnan Pérez Méndez. |
| 260 |
_aSanto Domingo : _bAmigo del Hogar, _c2004. |
||
| 300 |
_a157 p. : _bil. ; _c23 cm. |
||
| 590 | _aInventariado, 2020/MAA | ||
| 650 | 0 |
_aCuentos dominicanos _9176 |
|
| 650 | 0 |
_aLiteratura dominicana. _967 |
|
| 910 | _aValidado. Control de calidad MMOLINA | ||
| 999 |
_c15154 _d15154 |
||